Score 0/50 Timer 07:00
0 Plays Today
Hint Answer % Correct
Flag ColorRed
98.1%
Flag ColorWhite
97.5%
Flag ColorBlue
97%
Bordering CountryArgentina
90.9%
Smallest RegionSantiago Metropolitan Region
90.7%
Capital CitySantiago
90.5%
Bordering CountryPeru
88.6%
ContinentSouth America
87.8%
Bordering CountryBolivia
86.1%
Drives on the...Right
85.7%
Primary LanguageSpanish
84.4%
Most Popular SportFootball (Soccer)
83%
Age of Suffrage18
82.1%
Independence FromSpain
81.4%
Official NameRepublic of Chile
79.3%
CurrencyChilean Peso (CLP)
78.2%
Symbol on FlagStar
74.3%
Longest Mountain RangeAndes
73.9%
Internet Country Code.cl
73.9%
DemonymChilean
73.6%
Largest Religious DenominationRoman Catholic
73%
Island Known for Its StatuesEaster Island
69.5%
Number of Regions15
53.4%
Lowest Point (0 m)Pacific Ocean
50.8%
Driest Desert on EarthAtacama Desert
48.7%
Hint Answer % Correct
Military Dictator from 1973-1990Augusto Pinochet
48%
Congress Upper HouseSenate
41.3%
Second Largest CityValparaíso
33.6%
PresidentSebastián Piñera
32%
Island Shared with ArgentinaIsla Grande de Tierra del Fuego
31.6%
National BirdAndean Condor
28.6%
Independence DaySeptember 18, 1810
28.5%
Meeting Point of Two OceansCape Horn
27.6%
Congress Lower HouseChamber of Deputies
20.5%
Third Largest CityConcepción
20.2%
Official MottoPor la razón o la fuerza (By reason or by force)
17.3%
National FlowerChilean Bellflower
14.6%
National AnthemHimno Nacional de Chile (National Anthem of Chile)
14.5%
Longest RiverLoa River
13.9%
Oldest Institution of Higher EducationUniversidad de Chile
12.3%
National AnimalSouth Andean Huemul
12.2%
Largest StadiumEstadio Nacional
12.1%
National TreeMonkey Puzzle Tree
11.5%
Presidential PalaceLa Moneda Palace
11%
Highest Point (6,893 m)Ojos del Salado
10.6%
Largest RegionMagallanes
9%
Largest LakeGeneral Carrera Lake
8.8%
First PresidentManuel Blanco Encalada
7.2%
Tallest BuildingGran Torre Santiago
5.9%
First National ParkVicente Perez Rosales
3.7%
Remove Ads.
Support Sporcle.
Get the best of Sporcle when you Go Orange. This ad-free experience offers more features, more stats, and more fun while also helping to support Sporcle. Thank you for becoming a member.

You're not logged in!

Compare scores with friends on all Sporcle quizzes.
OR
Log In

Show Comments

Extras

Top Quizzes Today


Score Distribution

Your Account Isn't Verified!

In order to create a playlist on Sporcle, you need to verify the email address you used during registration. Go to your Sporcle Settings to finish the process.

Report this User

Report this user for behavior that violates our Community Guidelines.

Details: